000 01406nam a22003137i 4500
999 _c23388
_d23388
003 AR-CdUCM
008 250902b20162016 pe||||| |||| 00| 0 spa d
040 _aMUNICIPALIDAD PROVINCIAL DEL CUSCO
_cBIBLIOTECA MUNICIPAL DEL CUSCO
041 _hspa
082 _a306.0985 / T
_bT
100 _aFlores Ochoa, Jorge
_92915
245 _aTinkuy en los Andes :
_bNuevos Enfoques sobre la Cultura Andina /
260 _aCusco :
_bCentro de Estudios Andinos Cuzco - CEAC
_c2016
300 _a306 páginas. :
_c21x15 cm.
500 _zPáginas: 296-297
505 _aHomenaje a la obra escrita de dos intelectuales del mundo andino: Franklin Pease y Jorge Flores Ochoa -- El "Juicio de la historia" por el devenir de archivos, bibliotecas y otros repositorios documentales en el Perú del siglo XXI -- La limpieza y el uso de plantas nativas en la Conservación de de bienes culturales -- Garcilaso de la Vega y Guamán Poma de Ayala: dos formas de encarar la historia
650 _aCultura Andina
_951480
650 _aPatrimonio Cultural
_93805
650 _aInca Garcilaso de la Vega
_9300
650 _aGuamán Poma
_951481
650 _ala Hurk'a
_951482
650 _aAyni
_951483
650 _aMink'a
_951484
700 _aRomero Pacheco, Martin H.
_951485
700 _aPozo Cevallos, Dante A.
_951486
700 _aRado Yañez, Carlos
_947288
942 _2ddc
_cLIBROS
945 _apbjr
_d2-09-2025